Movies Quiz

Random Movies or Clickable Quiz

Amazon Movie Reviews X Quiz Stats

 Plays Quiz Updated Dec 10, 2017

Challenge
Share
Tweet
Embed
Score 0/20 Timer 08:00
5 Plays Today
% Correct
(500) Days of Summer
97.6%
Jaws
97.2%
Fifty Shades Darker
92.6%
It Comes at Night
91%
The Jungle Book
90.6%
Captain Fantastic
87.7%
Annabelle
85.1%
The Curious Case of Benjamin Button
84.7%
Wedding Crashers
83.2%
Cars
76.1%
% Correct
Kingsman: The Secret Service
69.8%
Sing
69%
The Twilight Saga: Eclipse
61.4%
The Lego Movie
57.4%
Heathers
55.3%
Flyboys
52.7%
Fantastic Beasts and Where to Find Them
51.8%
Fences
50.7%
La La Land
49.3%
Mad Max: Fury Road
37.2%

You're not logged in!

Compare scores with friends on all Sporcle quizzes.
OR
Log In

You Might Also Like...

Show Comments

Extras

Top Quizzes Today


Score Distribution

Your Account Isn't Verified!

In order to create a playlist on Sporcle, you need to verify the email address you used during registration. Go to your Sporcle Settings to finish the process.

Report this User

Report this user for behavior that violates our Community Guidelines.

Details: